Právne obyčaje dedenia maloroľníckych usadlostí na prahu modernizácie Slovenska koncom 19. a v prvej polovici 20. storočia /

Main Author: Pollák, Adriana, 1977-
Other Authors: Gergel, Peter, 1978-
Language: Slovak
Published: Praha : Leges, 2025
Edition: Vydání první
Series: Teoretik
Subjects:
Physical Description: 166 stran : faksimile ; 21 cm
Language note: Německé resumé
Book
Saved in:
LEADER 02479nam a2200649 i 4500
001 nkc20253690353
003 CZ PrNK
005 20251006085518.0
007 ta
008 250616s2025 xr h f 000 0 slo
015 |a cnb003690353 
020 |a 978-80-7502-808-2  |q (brožováno) 
035 |a (OCoLC)1544835240 
040 |a ABA001  |b cze  |d BOA001  |e rda 
041 0 |a slo  |b ger 
043 |a e-xo--- 
045 |a w-x- 
072 7 |a 347  |x Soukromé právo  |2 Konspekt  |9 16 
080 |a 728.67  |2 MRF 
080 |a 347.65/.68  |2 MRF 
080 |a 340.141  |2 MRF 
080 |a 340.134  |2 MRF 
080 |a 347.91:347.65/.68  |2 MRF 
080 |a (437.6)  |2 MRF 
080 |a (048.8)  |2 MRF 
100 1 |a Pollák, Adriana,  |d 1977-  |7 jx20090514007  |4 aut 
245 1 0 |a Právne obyčaje dedenia maloroľníckych usadlostí na prahu modernizácie Slovenska koncom 19. a v prvej polovici 20. storočia /  |c Adriana Pollák, Peter Gergel 
250 |a Vydání první 
264 1 |a Praha :  |b Leges,  |c 2025 
300 |a 166 stran :  |b faksimile ;  |c 21 cm 
336 |a text  |b txt  |2 rdacontent 
337 |a bez média  |b n  |2 rdamedia 
338 |a svazek  |b nc  |2 rdacarrier 
490 1 |a Teoretik 
500 |a Terminologický slovník 
504 |a Obsahuje bibliografii a bibliografické odkazy 
546 |a Německé resumé 
648 7 |a 19.-20. století  |7 ch757015  |2 czenas 
650 0 7 |a zemědělské usedlosti  |7 ph127626  |z Slovensko  |2 czenas 
650 0 7 |a dědické právo  |7 ph119691  |z Slovensko  |y 19.-20. století  |2 czenas 
650 0 7 |a zvykové právo  |7 ph127705  |z Slovensko  |y 19.-20. století  |2 czenas 
650 0 7 |a kodifikace práva  |7 ph121691  |z Slovensko  |y 19.-20. století  |2 czenas 
650 0 7 |a řízení o dědictví  |7 ph128325  |z Slovensko  |y 19.-20. století  |2 czenas 
650 0 9 |a farmhouses  |z Slovakia  |2 eczenas 
650 0 9 |a inheritance and succession  |z Slovakia  |y 19th-20th centuries  |2 eczenas 
650 0 9 |a common law  |z Slovakia  |y 19th-20th centuries  |2 eczenas 
650 0 9 |a codification of law  |z Slovakia  |y 19th-20th centuries  |2 eczenas 
650 0 9 |a inheritance proceedings  |z Slovakia  |y 19th-20th centuries  |2 eczenas 
655 7 |a monografie  |7 fd132842  |2 czenas 
655 9 |a monographs  |2 eczenas 
700 1 |a Gergel, Peter,  |d 1978-  |7 hka20221136435  |4 aut 
830 0 |a Teoretik  |0 s 
910 2 |a BOA001  |b 2-1548.585 
990 |a BK 
995 |a 01 
991 |b 202509  |c NOV 
996 6 |b 2611011329  |c 2-1548.585  |l MZK  |r Sklad / do 1 hodiny  |n 0  |p p.v.  |w 002016667  |u 000010  |a 1  |e BOA001  |j MZK50  |s P